000 00278nam a2200109Ia 4500
008 200302s9999 xx 000 0 und d
100 _aAuthor
245 _aConditioning the Design of new Atmospheres, Effects & Experiences
260 _bActar
260 _c2005
300 _a260 P.,
999 _c4331
_d4331